000 00982nam0a22002531 4500
001 rc\4644630
005 20250612141216.0
021 _aRU
_b[58-1830]
035 _a(NLR Aleph) 008687509
090 _a9217812
_c9217812
100 _a20130416d1957 |||y0rusy50 ca
101 0 _arus
102 _aRU
105 _aa z |||||
200 1 _aОпыт работы культурно-просветительских учреждений Профсоюза рабочих строительства
_fУкр. респ. ком. Профсоюза рабочих строительства
210 _aКиев
_cГосстройиздат УССР
_d1957
215 _a39 с.
_cил.
_d22
606 _aКультурно-просветительная работа
_yУкраинская ССР
_2psbo
700 1 _aСитко
_bП.Г.
_gПетр Григорьевич
801 0 _aRU
_bNLR
_gpsbo
801 1 _aRU
_bELAR
_2rusmarc
852 _aNLR
_j58-6/712
942 _cBOOK
980 _aNB